Od transakčných nákladov k Nobelovým benefitom: vysvetľujú publikované články a ich medzinárodné hodnotenie celý úspech O.E. Williamsona?

Pohľad na profesijnú dráhu O. Williamsona, prierez jeho prácou a výsledky ktoré sa zapísali do dejín ekonomickej teórie. Prvky, ktoré formovali jeho postavenie ako špičkového vedca. Analýza kvantitatívnych a kvalitatívnych charakteristík súvisiacich s jeho publikačnou činnosťou prevažne vo vedeckých...

Descrizione completa

Salvato in:
Dettagli Bibliografici
Autore principale: Brzica, Daneš
Natura: Capitolo di libro
Lingua:slovacco
Soggetti:
Tags: Aggiungi Tag
Nessun Tag, puoi essere il primo ad aggiungerne!!

MARC

LEADER 00000naa a2200000 4500
001 0125532
005 20231102114620.4
041 0 |a slo 
044 |a SK 
245 1 0 |a Od transakčných nákladov k Nobelovým benefitom: vysvetľujú publikované články a ich medzinárodné hodnotenie celý úspech O.E. Williamsona?  |c Daneš Brzica 
520 |a Pohľad na profesijnú dráhu O. Williamsona, prierez jeho prácou a výsledky ktoré sa zapísali do dejín ekonomickej teórie. Prvky, ktoré formovali jeho postavenie ako špičkového vedca. Analýza kvantitatívnych a kvalitatívnych charakteristík súvisiacich s jeho publikačnou činnosťou prevažne vo vedeckých časopisov, a to využitím medzinárodnej databázy IDEAS RePec, monitorujúcej postavenie vedcov v oblasti ekonómie. 
610 2 0 |a náklady transakčné 
610 2 0 |a veda ekonomická 
610 2 0 |a Williamson, O.E. 
610 2 0 |a Nobelova cena 
100 1 |a Brzica, Daneš